<?xml version="1.0" encoding="UTF-8"?>
<record
    xmlns:xsi="http://www.w3.org/2001/XMLSchema-instance"
    xsi:schemaLocation="http://www.loc.gov/MARC21/slim http://www.loc.gov/standards/marcxml/schema/MARC21slim.xsd"
    xmlns="http://www.loc.gov/MARC21/slim">

  <leader>00437nam a2200169Ia 4500</leader>
  <controlfield tag="008">230718s9999    xx            000 0 und d</controlfield>
  <datafield tag="020" ind1=" " ind2=" ">
    <subfield code="a">9789351108788</subfield>
  </datafield>
  <datafield tag="041" ind1=" " ind2=" ">
    <subfield code="a">eng</subfield>
  </datafield>
  <datafield tag="082" ind1=" " ind2=" ">
    <subfield code="a">005.13'3</subfield>
    <subfield code="b">LUB</subfield>
  </datafield>
  <datafield tag="100" ind1=" " ind2=" ">
    <subfield code="a">Lubanovic B.</subfield>
  </datafield>
  <datafield tag="245" ind1=" " ind2=" ">
    <subfield code="a">Introducing Python</subfield>
  </datafield>
  <datafield tag="260" ind1=" " ind2=" ">
    <subfield code="c">2014</subfield>
    <subfield code="b">SPD/O'Reilly</subfield>
  </datafield>
  <datafield tag="300" ind1=" " ind2=" ">
    <subfield code="a">452</subfield>
  </datafield>
  <datafield tag="365" ind1=" " ind2=" ">
    <subfield code="c">Rs.</subfield>
    <subfield code="b">750.00</subfield>
  </datafield>
  <datafield tag="700" ind1=" " ind2=" ">
    <subfield code="a">Lubanovic B.</subfield>
  </datafield>
  <datafield tag="906" ind1=" " ind2=" ">
    <subfield code="d">O:0490529-Jan-2016B:SE/SI/248413-Oct-2015</subfield>
    <subfield code="c">COMP</subfield>
    <subfield code="b">187.5</subfield>
  </datafield>
  <datafield tag="999" ind1=" " ind2=" ">
    <subfield code="c">341455</subfield>
    <subfield code="d">341455</subfield>
  </datafield>
  <datafield tag="952" ind1=" " ind2=" ">
    <subfield code="0">0</subfield>
    <subfield code="1">0</subfield>
    <subfield code="4">0</subfield>
    <subfield code="7">0</subfield>
    <subfield code="a">CCEP</subfield>
    <subfield code="b">CCEP</subfield>
    <subfield code="d">2016-01-29</subfield>
    <subfield code="e">Suyog Enterprises</subfield>
    <subfield code="f">COMP</subfield>
    <subfield code="g">562.50</subfield>
    <subfield code="i">SE/SI/2484</subfield>
    <subfield code="l">16</subfield>
    <subfield code="o">005.13'3</subfield>
    <subfield code="p">CCEP-BK-52662</subfield>
    <subfield code="q">2026-06-29</subfield>
    <subfield code="r">2025-12-31 10:41:43</subfield>
    <subfield code="s">2025-12-31</subfield>
    <subfield code="t">187.5</subfield>
    <subfield code="v">750.00</subfield>
    <subfield code="w">2015-10-13</subfield>
    <subfield code="y">BK</subfield>
    <subfield code="z">052662</subfield>
  </datafield>
</record>
